| 000 | 00915cam a22002895a 4500 | ||
|---|---|---|---|
| 001 | ssj0001399525 | ||
| 003 | OSt | ||
| 005 | 20170329113709.0 | ||
| 008 | 141106s2012 it a frb 001 0 eng d | ||
| 020 | _a9788897419372 | ||
| 040 |
_aCaPaEBR _beng _epn _cCaPaEBR _dWaSeSS _dEG-ScBUE |
||
| 082 | 0 | 4 |
_222 _a338.476151 _bPRA |
| 100 | 1 | _aPradelli, Lorenzo. | |
| 245 | 1 | 0 |
_aPharmacoeconomics : _bprinciples and practice / _cLorenzo Pradelli, Albert Wertheimer. |
| 250 | _a1st ed. | ||
| 260 |
_aTorino, Italy : _bSEEd, _c2012. |
||
| 300 |
_a124 p. : _bill. ; _c18 cm. |
||
| 504 | _aIncludes bibliographical references. | ||
| 506 | _aAvailable on campus and off campus with authorized login. | ||
| 650 | 7 |
_aDrugs _xCost effectiveness. _2BUEsh |
|
| 650 | 7 |
_aPharmacy _xEconomic aspects. _2BUEsh |
|
| 651 | _2BUEsh | ||
| 653 |
_bPPhrm _cMarch2017 |
||
| 700 | 1 | _aWertheimer, Albert. | |
| 797 | 2 | _aebrary. | |
| 942 | _2ddc | ||
| 999 |
_c24565 _d24537 |
||